Welcome to CU Library Online Public Access Catalogue (OPAC)

ARE MIRACULOUS GIFTS FOR TODAY (Record no. 6342)

MARC details
000 -LEADER
fixed length control field 00430nam a22001457a 4500
005 - DATE AND TIME OF LATEST TRANSACTION
control field 20250609120555.0
008 - FIXED-LENGTH DATA ELEMENTS--GENERAL INFORMATION
fixed length control field 250609b |||||||| |||| 00| 0 eng d
020 ## - INTERNATIONAL STANDARD BOOK NUMBER
International Standard Book Number 9780310201557
050 ## - LIBRARY OF CONGRESS CALL NUMBER
Classification number BT 767
Item number .3 ARE
100 ## - MAIN ENTRY--PERSONAL NAME
Personal name GAFFIN, RICHARD B. ET....AL
245 ## - TITLE STATEMENT
Title ARE MIRACULOUS GIFTS FOR TODAY
Statement of responsibility, etc. RICHARD B. GAFFIN JR ET...AL
260 ## - PUBLICATION, DISTRIBUTION, ETC.
Place of publication, distribution, etc. MICHIGAN
Name of publisher, distributor, etc. ZONDERVAN PUBLISHING HOUSE
Date of publication, distribution, etc. c1996
300 ## - PHYSICAL DESCRIPTION
Extent 368p.;
942 ## - ADDED ENTRY ELEMENTS (KOHA)
Source of classification or shelving scheme Library of Congress Classification
Koha item type Books
Suppress in OPAC No
999 ## -
-- 6342
-- 6342
Holdings
Withdrawn status Lost status Source of classification or shelving scheme Damaged status Not for loan Collection Home library Current library Shelving location Date acquired Total checkouts Full call number Barcode Date last seen Copy number Price effective from Koha item type
    Library of Congress Classification     Non-fiction Undergraduate Library (Christ Temple) Undergraduate Library (Christ Temple) General stacks 06/09/2025   BT 767.3 ARE ulct00003093 06/09/2025 1 06/09/2025 Books
© 2023-2024 Copyright: Central University Libraries. All Rights Reserved | Created by: Mahone Tech Office